000 00208nam a2200097Ia 4500
008 240331s9999 xx 000 0 und d
082 _bISH
100 _aIshmath,Z
245 0 _aIlamai enum poongatru
942 _cL
999 _c5010
_d5010